Franchising - vo znamení úspěchu
Rozhovor časopisu Strategie s M. Scheeovou, členkou správnej rady Českej asociácie franchisingu. Najrozšírenejšia obchodná metóda - franchising. Podpora zo strany štátu. Poslanie Českej asociácie franchisingu. Postup pri uzavieraní franchisingovej zmluvy.
Salvato in:
| Autore principale: | |
|---|---|
| Altri autori: | |
| Natura: | Capitolo di libro |
| Lingua: | ceco |
| Soggetti: | |
| Tags: |
Nessun Tag, puoi essere il primo ad aggiungerne!!
|
MARC
| LEADER | 00000naa a2200000 4500 | ||
|---|---|---|---|
| 001 | r022702 | ||
| 005 | 20230911123239.5 | ||
| 041 | 0 | |a cze | |
| 044 | |a CZ | ||
| 245 | 1 | 0 | |a Franchising - vo znamení úspěchu |c M. Scheeová, J. Přichystalová |
| 520 | |a Rozhovor časopisu Strategie s M. Scheeovou, členkou správnej rady Českej asociácie franchisingu. Najrozšírenejšia obchodná metóda - franchising. Podpora zo strany štátu. Poslanie Českej asociácie franchisingu. Postup pri uzavieraní franchisingovej zmluvy. | ||
| 610 | 2 | 0 | |a franchising |
| 610 | 2 | 0 | |a technika obchodná |
| 610 | 2 | 0 | |a Česká asociace franchisingu Praha |
| 610 | 2 | 0 | |a zmluvy licenčné |
| 100 | 1 | |a Scheeová, M. | |
| 700 | 1 | |a Přichystalová, J. | |